00532nam a2200181 a 45000010010000000030011000100080041000210350026000620820014000881000020001022450024001222600038001466500031001849420012002159520088002279980020003159990015003350000-9174ELIB.Books110520 1968  a(ELIB.Books)0000-9326 a260 bMad aMadsen, Paul O. aVentures in Mission bNew York: Friendship Press c1968 aChristian Church - Society 2ddccBK 00102ddc4070aKBTSbKBTSd2011-05-20l0p59r2022-01-22 00:00:00w2022-01-22yBK cbate2011-05-20 c9174d9174